MARC

LEADER 00000nam0a2200000 4500
001 330651
005 20231102004300.0
035 |a (RuTPU)RU\TPU\book\356439 
035 |a RU\TPU\book\356437 
090 |a 330651 
100 |a 20170410d1979 k y0rusy50 ca 
101 0 |a rus 
102 |a RU 
105 |a a z 001zy 
200 1 |a Исследования и расчет оснований сооружений гидравлических и тепловых электростанций  |e сборник научных трудов  |f Всесоюзный научно-исследовательский институт гидротехники им. Б. Е. Веденеева (ВНИИГ) 
210 |a Ленинград  |c Энергия  |d 1979 
215 |a 131 с.  |c ил. 
225 1 |a Известия ВНИИГ им. Б. Е. Веденеева  |v Т. 130 
320 |a Библиогр. в конце статей 
606 1 |a Гидротехнические сооружения  |x Основания и фундаменты  |x Исследование  |2 stltpush  |3 (RuTPU)RU\TPU\subj\6879  |9 34657 
610 1 |a грунты 
610 1 |a расчеты 
610 1 |a ГЭС 
610 1 |a ТЭС 
610 1 |a тепловые электростанции 
610 1 |a гидравлические сооружения 
610 1 |a напряженно-деформированное состояние 
610 1 |a прочность 
610 1 |a устойчивость 
610 1 |a грунтовые плотины 
610 1 |a турбоагрегаты 
610 1 |a укрепление 
610 1 |a инъекционные работы 
675 |a 627.8.05  |v 3 
712 0 2 |a Всесоюзный научно-исследовательский институт гидротехники им. Б. Е. Веденеева (ВНИИГ)  |2 stltpush  |3 (RuTPU)RU\TPU\col\11485 
801 1 |a RU  |b 63413507  |c 20140610 
801 2 |a RU  |b 63413507  |c 20170427  |g RCR 
942 |c BK